000 01102nam a22003017a 4500
001 BR8400319
003 BR-BrBNA
005 20230928091840.0
007 ta
008 230509b bl.||||| |||| 00| 0 por d
040 _aBR-BrBNA
_bpor
_cBiblioteca Nacional de Agricultura
041 _a(Por)
072 _aF00; F60
_b0120
_b3575
_b/G514
090 _ 0120 BR8400319
100 1 _aBorges, J.W.M.
110 1 _aEscola Superior de Agricultura de Lavras, MG (Brasil)
_0Tese (Mestrado)
245 1 _aEfeitos de misturas de sementes de milho (Zea mays L.)de diferentes qualidades fisiologicas, sobre a germinacao, vigor e producao [Brasil]
246 1 _aEffects of seed lot mixtures of maize (Zea mays L.)With different physiological qualities on seed germination, vigor and grain yield [Brazil]
260 3 _aLavras, MG (Brasil):
_c1983.
300 _a73 p.
500 _a19 illus.; Summaries (Eng, Por); Bibliography p. 65-73 (58 ref.)
650 _aMILHO
650 _aSEMENTE
650 _aGERMINACAO
650 _aTESTE DE VIGOR
909 _a202309
_bLucia
_c55
_dLucia Elande
942 _cBK
999 _c35867
_d35867